书目信息 |
| 题名: |
饮用水水源环境风险评估与管理
|
|
| 作者: | 彭晓春 , 魏东洋 , 贺涛 著 | |
| 分册: | ||
| 出版信息: | 北京 中国水利水电出版社 2014.12 |
|
| 页数: | 146页 | |
| 开本: | 26cm | |
| 丛书名: | ||
| 单 册: | ||
| 中图分类: | TU991.11 | |
| 科图分类: | ||
| 主题词: | 饮用水--yin yong shui--水源保护--研究 | |
| 电子资源: | ||
| ISBN: | 978-7-5170-2732-4 | |
| 000 | 01103nam0 2200277 450 | |
| 001 | CAL 0120151477597 | |
| 005 | 20150822122634.20 | |
| 010 | @a978-7-5170-2732-4@dCNY36.00 | |
| 100 | @a20150119d2014 em y0chiy50 ea | |
| 101 | 0 | @achi |
| 102 | @aCN@b110000 | |
| 105 | @aak a 000yy | |
| 106 | @ar | |
| 200 | 1 | @a饮用水水源环境风险评估与管理@Ayin yong shui shui yuan huan jing feng xian ping gu yu guan li@f贺涛, 彭晓春, 魏东洋著 |
| 210 | @a北京@c中国水利水电出版社@d2014.12 | |
| 215 | @a146页@c图@d26cm | |
| 320 | @a有书目 (第141-146页) | |
| 330 | @a本书从理论层面分析了饮用水水源面临的各类风险、归纳了相应的评估模型, 提出了基于产业布局优化、环境监控改善等的风险控制策略和分级分类管理方法, 并结合自身实践, 以典型饮用水水源为案例, 介绍了污染物风险 (环境健康风险、生态风险) 和污染源风险评价和管理的具体应用。 | |
| 586 | @a | |
| 606 | 0 | @a饮用水@Ayin yong shui@x水源保护@x研究 |
| 690 | @aTU991.11@v5 | |
| 701 | 0 | @a彭晓春@Apeng xiao chun@4著 |
| 701 | 0 | @a魏东洋@Awei dong yang@4著 |
| 701 | 0 | @a贺涛@Ahe tao@4著 |
| 801 | 0 | @aCN@c20150820 |
| 905 | @a河南城建学院图书馆@dTU991.11@eH320@f2 | |
| 饮用水水源环境风险评估与管理/贺涛, 彭晓春, 魏东洋著.-北京:中国水利水电出版社,2014.12 |
| 146页:图;26cm |
| ISBN 978-7-5170-2732-4:CNY36.00 |
| 本书从理论层面分析了饮用水水源面临的各类风险、归纳了相应的评估模型, 提出了基于产业布局优化、环境监控改善等的风险控制策略和分级分类管理方法, 并结合自身实践, 以典型饮用水水源为案例, 介绍了污染物风险 (环境健康风险、生态风险) 和污染源风险评价和管理的具体应用。 |
| ● |
| 相关链接 |
|
|
|
正题名:饮用水水源环境风险评估与管理
索取号:TU991.11/H320
 
预约/预借
| 序号 | 登录号 | 条形码 | 馆藏地/架位号 | 状态 | 备注 |
| 1 | 1168077 | 211680778 | 建筑库201/201建筑库 131排1列1层/ [索取号:TU991.11/H320] | 在馆 | |
| 2 | 1168078 | 211680787 | 建筑库201/201建筑库 131排1列1层/ [索取号:TU991.11/H320] | 在馆 |